Marvel Superheroes by Mini Figure - Statistics

General Stats
  • This quiz has been taken 252 times
    181 since last reset
  • The average score is 12 of 14
Answer Stats
Picture Answer % Correct
Iron Man
100%
Captain America
99%
Groot
99%
Spider Man
99%
The Hulk
99%
Doctor Strange
93%
Captain Marvel
92%
Wolverine
92%
Star Lord
90%
Deadpool
89%
Nebula
81%
Storm
78%
The Thing
75%
Agent 13
9%
No matching quizzes found
Score Distribution
Percent of People with Each Score
Percentile by Number Answered
Your Score History
You have not taken this quiz since the last reset